Código Civil. y normas complementarias. Análisis doctrinario y jurisprudencial / Tomo 1 B :

Guardado en:
Otros Autores: Highton, Elena I., (coord.)
Formato: Libro
Idioma:Spanish
Publicado: Buenos Aires : Hammurabi, 2005
Edición:1a. ed. ; 2a. reimp.
Materias:
Etiquetas: Agregar Etiqueta
Sin Etiquetas, Sea el primero en etiquetar este registro!
LEADER 00666nam a22001815a 4500
001 DER.der001401
008 180615s2005####|||||||||||||||||#||spa||
005 20251127172514.0
245 1 0 |a Código Civil.  |b y normas complementarias. Análisis doctrinario y jurisprudencial /  |n Tomo 1 B :  |c dirigido por Alberto J. Bueres, y Elena I. Highton. 
250 |a 1a. ed. ; 2a. reimp. 
260 |a Buenos Aires :  |b Hammurabi,  |c 2005 
300 |a 963 p. 
505 0 |a Artículos 159/94. Familia / 
020 |a 9508910113 
700 1 |a Bueres, Alberto J.,  |e dir. 
700 1 |a Highton, Elena I.,  |e coord. 
650 7 |a DERECHO CIVIL 
859 |a DERECHO  |b BIB. DERECHO  |h 348.026  |i ARG  |p 003476  |3 Tomo 1 B